Music Quiz

Random Music or War Quiz

Whisper Wars The Cab: Name the songs Quiz Stats

 Plays Quiz not verified by Sporcle

Challenge
Share
Tweet
Embed
Score 0/12 Timer 10:00
0 Plays Today
Answer % Correct
Bounce
85.7%
I'll Run
85.7%
That '70s Song
85.7%
Can You Keep a Secret
85.7%
One of THOSE Nights
71.4%
Take My Hand
71.4%
Vegas Skies
71.4%
This City is Contagious
71.4%
High Hopes in Velvet Ropes
57.1%
ZZZZZ
57.1%
Risky Business
42.9%
I'm a Wonder
42.9%

You're not logged in!

Compare scores with friends on all Sporcle quizzes.
OR
Log In

You Might Also Like...

Show Comments

Extras

Created Jun 10, 2015ReportNominate
Tags:Song Quiz, War Quiz, cab

Top Quizzes Today


Score Distribution

Your Account Isn't Verified!

In order to create a playlist on Sporcle, you need to verify the email address you used during registration. Go to your Sporcle Settings to finish the process.

Report this User

Report this user for behavior that violates our Community Guidelines.

Details: